| 000 | 01409cam a22003977a 4500 | ||
|---|---|---|---|
| 003 | CHAP | ||
| 005 | 20220817043422.0 | ||
| 008 | 980312d1995 es a r 00110 spa d | ||
| 010 | _a74898 | ||
| 011 | _a75870 | ||
| 035 | _a85443 | ||
| 040 | _cCHAP | ||
| 090 | _aFolleto 14954 | ||
| 100 | 0 | 0 |
_aAsensio González, Ramiro. _97889 |
| 245 | 1 | 0 |
_aAspectos sociales de la pesca deportiva _c/por Ramiro Asensio González y Florencio A. Markina Lamonja |
| 260 |
_aMadrid : _bMinisterio de Agricultura Pesca y Alimentación, _c1995. |
||
| 300 |
_a31 p. : _bilus. |
||
| 410 | 2 | 1 | _aMinisterio de Agricultura Pesca y Alimentación |
| 490 | 0 |
_aHojas divulgadoras _v; 4/94 |
|
| 590 |
_aBATCH-UPD _b10 _c20130110 _lUCH01 _h0328 |
||
| 590 |
_aBATCH-UPD _b10 _c20130110 _lUCH01 _h1845 |
||
| 590 |
_aBATCH-UPD _b10 _c20130410 _lUCH01 _h0001 |
||
| 590 |
_aBATCH-UPD _b10 _c20130410 _lUCH01 _h1530 |
||
| 590 |
_aBATCH-UPD _b10 _c20130914 _lUCH01 _h0417 |
||
| 590 |
_aBATCH-UPD _b10 _c20130914 _lUCH01 _h2144 |
||
| 590 |
_aCONVERSION _b10 _c20130109 _lUCH01 _h1341 |
||
| 650 | 1 | 4 |
_aDeportes. _931849 |
| 650 | 1 | 4 | _aPesca. |
| 810 | 0 | 0 |
_aMinisterio de Agricultura Pesca y Alimentación _975959 |
| 830 | 0 |
_aHojas divulgadoras _v; 4/94 |
|
| 901 | _aBK | ||
| 905 | _aAlejandra Carrasco M. | ||
| 942 | _cFOLL | ||
| 949 |
_aFolleto 14954 _bBC _cFOLL _d854431 _eTS1 _i85443 _sb |
||
| 949 |
_aFolleto 14954 _bBC _cFOLL _d854432 _eTS2 _fc.2 _i85443 _sb |
||
| 999 |
_c74898 _d74898 |
||